000 02196nam a2200433 c 4500
999 _c110795
_d110795
003 BLK
005 20220228140818.0
008 180409b bul|||||r ||||||| ||bul||
010 _aKNG00116127000
040 _aBLK
041 _aBUL
_cBUL
080 _aБио-библиографии
_b016:929
_z016:929
080 _aБългарска литература
_b821.163.2
_x(01)
_z821.163.2(01)
080 _aТеория на литературата. Литературна техника
_b82.01/.09
_x(497.2)(01)
_z82.01/.09(497.2)(01)
080 _aБиблиографии на произведенията на отделни групи автори
_b013
_x:378.4(497.216)
_z013:378.4(497.216)
080 _aБиографии
_b929
_x(497.216)
_z929(497.216)
139 _aРадев, Иван Николов
_bВ 39
245 1 0 _aВеликотърновската Алма Матер в развитието на съвременната българска литература
_bБио-библиогр. указател
_cсъстав. Иван Николов Радев; предг. от Сава Василев.
257 _aBGR
260 _bУнив. изд. Св. св. Кирил и Методий
_c2003
_fВ. Търново : Faber
300 _a100 с.
_bс ил.
_c20 см
380 _a0
500 _aДруги състав. : А. Тонов, И. Станков, С. Василев
650 4 _aПисатели, български - библиографии
_9245019
650 4 _aФилолози, български
_9175447
650 4 _aЛитературоведи, български
_9267787
650 4 _aВеликотърновски университет "Св. св. Кирил и Методий"
_9265441
653 _aбългарски писатели
653 _aфилолози
653 _aВелико Търново
653 _aуниверситети
700 1 _aРадев, Иван Николов
_eсъстав.
_9363332
700 1 _aВасилев, Сава
_eпредг. от
_9366026
852 _aЦб 221617
852 _aК 016:929/В 39
856 4 _qpdf
856 4 _qpdf
942 _cKNG
_n0
_s1
944 _aCR
_c11.11.2004
_kВаля_Йорданова
944 _aED
_c11.02.2013
999 _d110795